¿Debe legalizarse la prostitución? /
Na minha lista:
| Autor principal: | |
|---|---|
| Formato: | Texto |
| Assuntos: | |
| Tags: |
Adicionar Tag
Sem tags, seja o primeiro a adicionar uma tag!
|
MARC
| LEADER | 00000 a a2200000 04500 | ||
|---|---|---|---|
| 001 | 41221 | ||
| 003 | |||
| 040 | |||
| 100 | |a Otchet, Amy | ||
| 245 | |a ¿Debe legalizarse la prostitución? / |c Amy Otchet | ||
| 650 | |a PROSTITUCION/ | ||
| 650 | |a DERECHOS HUMANOS/ | ||
| 650 | |a EXPLOTACION SEXUAL/ | ||
| 650 | |a LEGISLACION | ||
| 773 | |g número15 (agosto , 2007), páginas 30-33 | ||
| 999 | |c 37258 |d 37258 | ||
